Vetteronchat dabbers - Statistics

General Stats
  • This quiz has been taken 17 times
  • The average score is 10 of 15
Answer Stats
Question Answer % Correct
Na welk soort les gingen we voor het eerst ne keer gaan shotten met zowat de gehele Vetteronchat? Tip: Dit was tijdens het eerste jaar unief van ons. Werkcollege Wiskunde
90%
Wie was de eerste persoon die de groep vrijwillig verliet Mathias Deleye
80%
1 like = 1 prei. Poddy
80%
Dit is een objectieve vraag: wie is de grootste legend? Erik Thoen
70%
Had Arne Siebe al gekilled tijdens de nacht van de bierbowling (de eerste keer dat Arne op Siebe schoot)? Ja, gene zever
70%
Welke reeks van namen zijn allemaal die van assisten van Ugent? (die je als student geografie had voor een vak) (Vetteronchatgebruikers moeten ook iets van hun richting weten verdomme) Kwinten, Jonas, Ruben, Peter en Jeroen
70%
Welke (niet vote-meme) heeft de meeste likes/andere soorten reacts (comments niet meegerekend natuurlijk) in 'Jefken' Mechelen trein, Welkom in 2e klas - Viktor
70%
Wie waren de originele members van de Vetteronchat? Ming, Viktor, Poddy, Pieter en iemand (niet meer in de groep)
70%
In welke maand/jaar warden er 100.000 berichten in de Vetteronchat bereikt? September 2017
70%
In de good old days van de Vetteronchat, welke 2 personen spamden 'Trash Dove' Stickers het meest? Viktor en Ming
70%
Wanneer was Pieter boos op Viktor omtrent een meme die geplaatst in Jefken, waarbij desbetreffende meme over 'swag' ging? December 2017
60%
Sinds wanneer zit Poddy op kot? Februari 2019
60%
Na de bierbowling 2019, waarbij we van Café naar Café goeikope pinten gingen halen, was er een incident waarbij 1 lid van de Vetteronchat een andere sloeg. De persoon die sloeg wist zelfs niet dat hij de andere geslaan had (op de schouder, kbent ni 100% zeker dant de schouder was dus mij ni lynchen, dank). Wie sloeg toen wie? (degene die geslagen werd had wel serieus wa zeer) Jens sloeg Poddy
60%
Wie startte er met de uitspraak 'mah pls'? Ming
50%
Wanneer begon Vector Von Vetteron met de overname en verwoesting van Belgische grond, zoals Oostnieuwkerke, Kortemark, Saint-Vincent; Gent(brugge)... Juni 2017
40%
No matching quizzes found
Score Distribution
Percent of People with Each Score
Percentile by Number Answered
Your Score History
You have not taken this quiz